Ain't I a woman! : a book of women's poetry from around the world /

Bibliographic Details
Other Authors: Linthwaite, Illona
Format: Book
Language:English
Published: New York : P. Bedrick Books, 1988
Edition:1st American ed.
Subjects:

MARC

Tag First Indicator Second Indicator Subfields
LEADER 00000cam a22000008a 4500
001 in00000030339
005 20151007060306.0
008 871127r19881987nyu 00000 eng
010 |a  87035577  
020 |a 087226209X 
035 |a (OCoLC)17300175 
035 |9 AAC0505AM 
040 |a DLC  |c DLC  |d TXA  |d UtOrBLW 
049 |a TXAM  |c [A10937531] 
050 0 0 |a PN6109.9  |b .A36 1988 
082 0 |a 808.81/9352042  |2 19 
245 0 0 |a Ain't I a woman! :  |b a book of women's poetry from around the world /  |c edited by Illona Linthwaite. 
250 |a 1st American ed. 
263 |a 8805 
264 1 |a New York :  |b P. Bedrick Books,  |c 1988 
264 4 |c ©1987 
300 |a xvii, 195 pages 
336 |a text  |b txt  |2 rdacontent 
337 |a unmediated  |b n  |2 rdamedia 
338 |a volume  |b nc  |2 rdacarrier 
650 0 |a Poetry  |x Women authors. 
650 0 |a Poetry  |x Black authors. 
650 0 |a Women  |v Poetry. 
700 1 |a Linthwaite, Illona. 
999 |a MARS 
999 f f |s d37e9e92-6eb3-3cc1-b8f1-5908b3f78893  |i 7a92cd3a-26fa-3ae0-b582-63e7ffb7928a  |t 0 
952 f f |p ric  |a Texas A&M University  |b Rellis Campus  |c Joint Library Facility  |d Remote Storage  |t 0  |e PN6109.9 .A36 1988  |h Library of Congress classification  |i unmediated -- volume  |m A14810937531 
998 f f |a PN6109.9 .A36 1988  |t 0  |l Remote Storage